| 000 | 00617nam a22001695i 4500 | ||
|---|---|---|---|
| 001 | 167596 | ||
| 003 | ES-MaACL | ||
| 005 | 20230906213546.0 | ||
| 008 | 050927s1887 it | |||||||| ||ita d | ||
| 040 |
_aCAM _bspa _cCAM |
||
| 100 | 1 |
_aVillari, Pasquale. _9115122 |
|
| 245 | 1 | 0 |
_aDonatello e le sue opere _b: discorso letto nel circolo fiorentino degli artisti la sera del 16 maggio 1887 / _cda P. Villari. |
| 260 |
_aFirenze : _bSucessori Le Monnier, _c1887. |
||
| 300 |
_a33 p. ; _c22 cm. |
||
| 600 | 1 | 4 |
_aDonatello ( _dca. 1386-1466) _9162112 |
| 852 |
_aES-MaACL _jG-2712 _z-- Enc. hol. conservando la cub. original |
||
| 999 |
_c167596 _d167596 |
||